000 00460nam a2200169 a 4500
001 0000-9004
003 ELIB.Books
008 110520 1998
035 _a(ELIB.Books)0000-9153
082 _a264
_bHus
100 _aHustad, Donald P.
245 _aTrue Worship: reclaming the wonder and majesty
260 _bColorado: Water Books Press
_c1998
650 _aWorship
942 _2ddc
_cBK
998 _cbat
_e2011-05-20
_mcat
_u2019-06-29
999 _c9004
_d9004